000 00313nam a2200145Ia 4500
100 _aNone
942 _cBK
654 _aelectronics
245 _aTDM Pulse Code Modulation Receiver Trainer-ST-2104 OM
260 _bnone
_aIndore
082 _a621.381536
300 _a91
546 _aENGLISH
999 _c19065
_d19065